• 首页
  • 本馆介绍
  • 公告通知
  • 最新文献
  • 馆藏检索
  • 电子资源
  • 读者导购
  • 参考咨询
  • 我的图书馆
  • 登录
  • 详细信息显示
  • 放入我的书架
  • 预约/预借图书
  • 作者相关作品
  • 分类相关作品
  • 丛书相关作品
  • 出版社相关作品

书目信息

  • 表格格式
  • 工作单格式
  • 卡片格式
题名:
中国材料工程大典
    
 
作者: 李骏带 总编辑 ;韩凤麟 , 马福康 , 曹勇家 卷主编
分册: 第14卷   粉末冶金材料工程
出版信息: 北京   化学工业出版社  2006
页数: 12,1062页
开本: 31cm
丛书名:
单 册:
中图分类: TB3 , TF12
科图分类:
主题词: 材料科学 , 粉末冶金--材料
电子资源:
ISBN: 7-5025-7316-X
000 01144nam0 2200325 450
001 012004001324
005 20080303092315.21
009 012004001324
010    @a7-5025-7316-X@b精装@dCNY200.00
035    @a(110019)012004205401
100    @a20051202d2006 em y0chiy0110 ea
101 0  @achi
102    @aCN@b110000
105    @aa z 000yy
106    @ar
200 1  @a中国材料工程大典@Azhong guo cai liao gong cheng da dian@h第14卷@i粉末冶金材料工程@f李骏带总编辑@g韩凤麟, 马福康, 曹勇家[卷]主编
210    @a北京@c化学工业出版社@d2006
215    @a12,1062页@c照片,图@d31cm
330    @a本卷内容主要包括概、金属粉末生产与特性、金属粉末性能测试与相应标准、成形与固结、后续加工与质量控制、粉末冶金材料、粉末冶金材料应用与新发展等7篇。
517 1  @a粉末冶金材料工程@Afen mo ye jin cai liao gong cheng
606 0  @a材料科学
606 0  @a粉末冶金@x材料
690    @aTB3@v4
690    @aTF12@v4
701  0 @a李骏带@Ali jun dai@4总编辑
702  0 @a韩凤麟@Ahan feng lin@4卷主编
702  0 @a马福康@Ama fu kang@4卷主编
702  0 @a曹勇家@Acao yong jia@4卷主编
801  0 @aCN@b110019@c20080303
905    @dTB3@e183:14@f2
    
    中国材料工程大典.第14卷.粉末冶金材料工程/李骏带总编辑/韩凤麟, 马福康, 曹勇家[卷]主编.-北京:化学工业出版社,2006
    12,1062页:照片,图;31cm
    
    
    ISBN 7-5025-7316-X(精装):CNY200.00
    本卷内容主要包括概、金属粉末生产与特性、金属粉末性能测试与相应标准、成形与固结、后续加工与质量控制、粉末冶金材料、粉末冶金材料应用与新发展等7篇。
●
相关链接 在E读中查询图书 在五车中查询图书 在当当中查询图书 在豆瓣中查询图书


正题名:中国材料工程大典     索取号:TB3/183:14         预约/预借

序号 登录号 条形码 馆藏地/架位号 状态 备注
1 0614898   206148989   第二样本阅览室/ [索取号:TB3/183:14] 在馆    
2 0614899   206148998   第三借阅区/ [索取号:TB3/183:14] 在馆    
唐山师范学院图书馆 欢迎您!
大连网信软件有限公司© 版权所有